Zgadnij kraj po trzech podpowiedziach - Statystyki

Ogólne statystyki
  • Ten quiz został rozwiązany 57 razy
  • Średni wynik to 4 z 10
Statystyki odpowiedzi
Podpowiedzi Kraj % Poprawnych
Pierogi,Kresy wschodnie,Mieszko Lambert Polska
98%
Burgery,Waszyngton,Konstytucja Stany Zjednoczone
86%
Wersal,Wino,Marsz na Moskwę Francja
82%
Sos klonowy,Domium,Gubernator Kanada
69%
... południowe,Unia Europejska,Czekolada Belgia
41%
My Summer Car,Zimna wojna,Tereny podmokłe Finlandia
29%
Pustynia,Konflikt 2005-2008,Duży kraj Czad
16%
Sankcje,Zmiana nazwy,Wojna domowa Mjanma
10%
Dwuczłonowa nazwa,Wyszedł z ECOWAS,Dyktatura wojskowa Burkina Faso
8%
Janusz Paździoch,Wojna totalna,Brak dostępu do morza Paragwaj
4%
Nie znaleziono quizów pasujących do podanych kryteriów
Rozkład punktacji
Procent ludzi z każdym wynikiem
Percentyl według liczby udzielonych odpowiedzi
Twoja historia wyników
Nie rozwiązałeś tego quizu